Warhammer 40K Trivia by Letter: B - Statistics

General Stats
  • This quiz has been taken 370 times
  • The average score is 10 of 17
Answer Stats
Hint Answer % Correct
Handheld weapon which fires explosive rounds and is closely associated with the Adeptus Astartes Boltgun
98%
Ninth of the original Space Marine Legions and descendants of the Primarch Sanguinius Blood Angels
92%
The largest force of Chaos Space Marines in the galaxy, united under Abbadon the Despoiler Black Legion
90%
Cybernetic implants which enhance aggression and were used on the Primarch Angron by the slavers of Nuceria, and then by the Primarch on his own legion Butcher's Nails
78%
Archmagos Dominus of the Adeptus Mechanicus whose accomplishments include the resurrection of the Primarch Roboute Guilliman and the founding of Primaris Astartes Belisarius Cawl
70%
First Tyranid Hive Fleet encountered by the Imperium, leading to the First Tyrannic War Behemoth
69%
Term for a human who carries the Pariah gene and dampens psychic activity, also known as an Untouchable Blank
66%
Super-heavy main battle tank fielded by the Astra Militarum Baneblade
65%
Term for a living spacecraft used by the Tyranid Bio-ship
58%
War in which four Space Marine chapters led by renegade Chapter Master Lufgt Huron rebelled against the Imperium Badab War
52%
Standard artillery piece of the Astra Militarum Basilisk
51%
Term for a capital-class warship designed or retrofitted for use by the Adeptus Astartes Battle Barge
49%
This feral planet was the homeworld of the primarch Mortarion Barbarus
39%
Aeldari craftsperson who shapes the powerful material known as wraithbone Bonesinger
35%
Catch-all term for armored attack vehicle used by orcs Battlewagon
29%
Bio-engineered gene-seed organ which functions in some Adeptus Astartes to produce corrosive acid Betcher's Gland
17%
Telepathic link shared by members of a world's genestealer cult Broodmind
12%
No matching quizzes found
Score Distribution
Percent of People with Each Score
Percentile by Number Answered
Your Score History
You have not taken this quiz